A Caesar-elleni merénylet megítélésének változása a későbbi korokon át

Elmentve itt :
Bibliográfiai részletek
Szerző: Hetyei Bendegúz
További közreműködők: Illés Imre Áron (Témavezető)
Dokumentumtípus: Szakdolgozat
Megjelent: 2023
Tárgyszavak:
Online Access:http://diploma.bibl.u-szeged.hu/141986
LEADER 00804nta a2200205 i 4500
001 dipl141986
005 20250331102342.0
008 241210s2023 hu om 000 hun d
040 |a SZTE Diploma Repozitórium  |b hun 
041 |a hun 
100 1 |a Hetyei Bendegúz 
245 1 2 |a A Caesar-elleni merénylet megítélésének változása a későbbi korokon át  |h [elektronikus dokumentum] /  |c Bendegúz Hetyei 
246 1 0 |a Change in the Perception of the Assassination of Caesar Through the Later Ages  |h [elektronikus dokumentum] 
260 |c 2023 
650 4 |a Bölcsészettudományok 
650 4 |a Humanities 
650 4 |a History and archaeology 
650 4 |a History 
700 0 1 |a Illés Imre Áron  |e ths 
856 4 0 |u https://diploma.bibl.u-szeged.hu/id/eprint/141986/1/2023_hetyei_bendeguz.pdf  |z Dokumentum-elérés